Planning must put the community first (Record no. 73791)

MARC details
000 -LEADER
fixed length control field 01398cam a2200229 4500
001 - CONTROL NUMBER
control field WB3943-13
008 - FIXED-LENGTH DATA ELEMENTS--GENERAL INFORMATION
fixed length control field 031113n2003 000 0 eng u
035 ## - SYSTEM CONTROL NUMBER
System control number (Sirsi) u124320
245 ## - TITLE STATEMENT
Title Planning must put the community first
260 ## - PUBLICATION, DISTRIBUTION, ETC.
Date of publication, distribution, etc. 2003
490 ## - SERIES STATEMENT
Series statement ODPM News Release
Volume/sequential designation 238 12 November 2003 (3)
520 ## - SUMMARY, ETC.
Summary, etc. Two new guides were launched at the LGA planning conference by Planning Minister Keith Hill. As part of the government's Planning Reform Agenda from summer 2004 authorities will have to prepare Local Development Frameworks for the future of their areas. The first guide is the 'Guide to Procedures', explaining how the planning system will work, the second guide is 'Creating Local Development Frameworks', which has been prepared by Arups and has been written to advise local authorities and others in the preparation of the frameworks. Views on the guides should be made by 16 January, before they are finalised and the commencement of the Planning Bill in the summer of 2004. For details of the press release please go to http://www.odpm.gov.uk/pns/DisplayPN.cgi?pn_id=2003_0238.
590 ## - LOCAL NOTE (RLIN)
Local note WB
650 ## - SUBJECT ADDED ENTRY--TOPICAL TERM
Topical term or geographic name entry element PLANNING
650 ## - SUBJECT ADDED ENTRY--TOPICAL TERM
Topical term or geographic name entry element PLANNING GUIDELINES
650 ## - SUBJECT ADDED ENTRY--TOPICAL TERM
Topical term or geographic name entry element COMMUNITIES
650 ## - SUBJECT ADDED ENTRY--TOPICAL TERM
Topical term or geographic name entry element LOCAL DEVELOPMENT FRAMEWORKS
650 ## - SUBJECT ADDED ENTRY--TOPICAL TERM
Topical term or geographic name entry element PLANNING BILL
650 ## - SUBJECT ADDED ENTRY--TOPICAL TERM
Topical term or geographic name entry element GUIDANCE
690 ## - LOCAL SUBJECT ADDED ENTRY--TOPICAL TERM (OCLC, RLIN)
Topical term or geographic name as entry element ENVIRONMENTAL AND LAND CONSULTANCY-PLANNING AND DEVELOPMENT
942 ## - ADDED ENTRY ELEMENTS (KOHA)
Suppress in OPAC 0
Holdings
Withdrawn status Lost status Source of classification or shelving scheme Damaged status Not for loan Home library Current library Shelving location Date acquired Total Checkouts Full call number Barcode Date last seen Copy number Price effective from Koha item type
    Dewey Decimal Classification     London London News article 13/11/2003   WB3943-13 124320-1001 06/08/2019 1 06/08/2019 News article